| 000 | 00425nam a22001697a 4500 | ||
|---|---|---|---|
| 003 | OSt | ||
| 005 | 20170105103442.0 | ||
| 008 | 120426t xxu||||| |||| 00| 0 eng d | ||
| 020 | _a9780443102103 | ||
| 040 | _cASAB | ||
| 050 | _a616.90, GRE | ||
| 100 |
_aDavid Greenwood _9192 |
||
| 245 |
_aMedical Microbiology _bA Guide to Microbial infection |
||
| 260 |
_aLondon _bChurchill Livingstone |
||
| 300 | _a738 | ||
| 942 |
_2lcc _cBK |
||
| 999 |
_c16496 _d16496 |
||